| 000 | 01323cam a22003851 4500 | ||
|---|---|---|---|
| 001 | data | ||
| 005 | 20260322212124.0 | ||
| 008 | data | ||
| 035 | _a7815028 | ||
| 906 |
_a7 _bcbc _coclcrpl _du _encip _f19 _gy-gencatlg |
||
| 010 | _a 31032011 | ||
| 035 | _9(DLC) 31032011 | ||
| 035 | _a(OCoLC)5588420 | ||
| 040 |
_aDLC _cInU _dDLC |
||
| 042 | _apremarc | ||
| 043 | _ae------ | ||
| 050 | 0 | 0 |
_aD106 _b.P59 |
| 082 | _a920.04 | ||
| 100 | 1 | _aPope, Jennie Barnes. | |
| 245 | 1 | 0 |
_aBrief biographies in medieval and early modern history, _cby Jennie B. Pope, M.A., Robert G. Albion, PH. D., and Helen C. [!] Clark, M.A. |
| 260 |
_aNew York, _bOxford book company _c[c1931] |
||
| 300 |
_aviii, 147 p. _bincl. front., illus. _c19 cm. |
||
| 336 |
_atext _btxt _2rdacontent |
||
| 337 |
_aunmediated _bn _2rdamedia |
||
| 338 |
_avolume _bnc _2rdacarrier |
||
| 650 | 0 | _aBiography. | |
| 651 | 0 |
_aEurope _vBiography. |
|
| 655 | 7 |
_aBiographies. _2lcgft _0https://id.loc.gov/authorities/genreForms/gf2014026049 |
|
| 700 | 1 |
_aAlbion, Robert Greenhalgh, _d1896-1983, _ejoint author. |
|
| 700 | 1 |
_aClark, Helen Baldwin, _d1901- _ejoint author. |
|
| 985 | _eOCLC REPLACEMENT cdsdistr | ||
| 985 | _gfcd cdsdistr | ||
| 991 |
_bc-GenColl _hD106 _i.P59 _tCopy 1 _wOCLCREP |
||
| 999 |
_c1904 _d1904 |
||